| 000 | 00514cam a22002171 4500 | ||
|---|---|---|---|
| 001 | sa 63000752 | ||
| 003 | DLC | ||
| 005 | 20260227111923.0 | ||
| 008 | 890914s1962 ii 000 1 gujo | ||
| 010 | _asa 63000752 | ||
| 035 | _a(OCoLC)20339958 | ||
| 040 |
_aDLC _cWaU _dDLC |
||
| 042 | _apremarc | ||
| 050 | 0 | 0 |
_aPK1859.G28 _bS7 |
| 100 | 1 |
_aGandhi, Champaklal Hiralal, _d1932- |
|
| 245 | 1 | 0 | _aŚrīniketana. |
| 260 | _c[1962] | ||
| 300 |
_a452 p. _c19 cm. |
||
| 500 | _aIn Gujarati. | ||
| 500 | _aA novel. | ||
| 999 |
_c53609 _d53609 |
||